Concrete technology. (Record no. 594476)
[ view plain ]
| 000 -LEADER | |
|---|---|
| fixed length control field | 01272cam a2200325 a 4500 |
| 001 - CONTROL NUMBER | |
| control field | 4868850 |
| 003 - CONTROL NUMBER IDENTIFIER | |
| control field | NUST |
| 005 - DATE AND TIME OF LATEST TRANSACTION | |
| control field | 20230412171133.0 |
| 008 - FIXED-LENGTH DATA ELEMENTS--GENERAL INFORMATION | |
| fixed length control field | 920513s1992 dcua b f000 0 eng |
| 010 ## - LIBRARY OF CONGRESS CONTROL NUMBER | |
| LC control number | 92019392 |
| 020 ## - INTERNATIONAL STANDARD BOOK NUMBER | |
| International Standard Book Number | 0309051738 : |
| Terms of availability | $20.00 |
| 022 ## - INTERNATIONAL STANDARD SERIAL NUMBER | |
| Source | 9780273732198 |
| 040 ## - CATALOGING SOURCE | |
| Original cataloging agency | DLC |
| Transcribing agency | DLC |
| Modifying agency | DLC |
| 050 00 - LIBRARY OF CONGRESS CALL NUMBER | |
| Classification number | TE7 |
| Item number | .H5 no. 1335 |
| Classification number | TE278 |
| 082 00 - DEWEY DECIMAL CLASSIFICATION NUMBER | |
| Classification number | 388 s |
| -- | 666.893 |
| Edition number | 20 |
| Author Mark | NEV |
| 245 00 - TITLE STATEMENT | |
| Title | Concrete technology. |
| 260 ## - PUBLICATION, DISTRIBUTION, ETC. | |
| Place of publication, distribution, etc. | Washington, D.C. : |
| Name of publisher, distributor, etc. | Transportation Research Board, National Research Council, |
| Date of publication, distribution, etc. | 1992. |
| 300 ## - PHYSICAL DESCRIPTION | |
| Extent | 72 p. : |
| Other physical details | ill. ; |
| Dimensions | 28 cm. |
| 490 1# - SERIES STATEMENT | |
| Series statement | Transportation research record ; |
| Volume/sequential designation | no. 1335 |
| 500 ## - GENERAL NOTE | |
| General note | "A peer-reviewed publication of the Transportation Research Board." |
| 504 ## - BIBLIOGRAPHY, ETC. NOTE | |
| Bibliography, etc. note | Includes bibliographical references. |
| 650 #0 - SUBJECT ADDED ENTRY--TOPICAL TERM | |
| Topical term or geographic name entry element | Pavements, Concrete |
| General subdivision | Testing. |
| 650 #0 - SUBJECT ADDED ENTRY--TOPICAL TERM | |
| Topical term or geographic name entry element | Concrete bridges |
| General subdivision | Floors |
| -- | Testing. |
| 9 (RLIN) | 21345 |
| 650 #0 - SUBJECT ADDED ENTRY--TOPICAL TERM | |
| Topical term or geographic name entry element | Pavements, Reinforced concrete |
| General subdivision | Testing. |
| 9 (RLIN) | 111832 |
| 710 2# - ADDED ENTRY--CORPORATE NAME | |
| Corporate name or jurisdiction name as entry element | National Research Council (U.S.). |
| Subordinate unit | Transportation Research Board. |
| 830 #0 - SERIES ADDED ENTRY--UNIFORM TITLE | |
| Uniform title | Transportation research record ; |
| Volume/sequential designation | 1335. |
| 9 (RLIN) | 111833 |
| 906 ## - LOCAL DATA ELEMENT F, LDF (RLIN) | |
| a | 7 |
| b | cbc |
| c | orignew |
| d | 1 |
| e | ocip |
| f | 19 |
| g | y-gencatlg |
| 942 ## - ADDED ENTRY ELEMENTS (KOHA) | |
| Source of classification or shelving scheme | |
| Koha item type | Book |
| Withdrawn status | Lost status | Source of classification or shelving scheme | Damaged status | Not for loan | Permanent Location | Current Location | Date acquired | Total Checkouts | Full call number | Barcode | Date last seen | Price effective from | Koha item type |
|---|---|---|---|---|---|---|---|---|---|---|---|---|---|
| School of Civil and Environmental Engineering (SCEE) | School of Civil and Environmental Engineering (SCEE) | 04/12/2023 | 666.893 NEV | NIT-13671 | 06/02/2023 | 04/12/2023 | Book |
